00735nam a2200181 i 450000100060000000300090000600500170001500700030003200800410003510000360007624501500011226000670026230000220032971000340035185200310038599900170041695201200043360888ES-MaACL20240208163313.0t|031107q1947 sp ||||1| spa d1 aEstella Zalaya, Eduardo.94809810aLecciones dogmáticas adaptadas al programa oficial para el segundo curso de enseñanza religiosa universitaria / cpor Eduardo Estella Zalaya. aZaragoza : bUniversidad de Zaragoza, c1947? (fLa editorial) a358 p. ; c21 cm.2 aUniversidad de Zaragoza97352 aES-MaACLjC-4805 bR.25339 c60888d60888 00104070aATENEOMbATENEOMcSPALd2008-01-17eSCl0oC-4805p1063852r2023-02-23 00:00:00w2023-02-23yMONOGRAFIA